| 000 | 03263cam a22003857a 4500 | ||
|---|---|---|---|
| 001 | 18684662 | ||
| 003 | OSt | ||
| 005 | 20240222152751.0 | ||
| 008 | 150702s2013 caua 000 0 eng d | ||
| 010 | _a 2015304878 | ||
| 020 | _a9781584235323 | ||
| 020 | _a1584235322 | ||
| 035 | _a(OCoLC)ocn859192524 | ||
| 040 |
_aBTCTA _beng _cBTCTA _dYDXCP _dTXH _dZCU _dOCLCA _dOCLCF _dCHVBK _dGUA _dNYWWB _dDLC |
||
| 042 | _alccopycat | ||
| 050 | 0 | 0 |
_aSB419.5 _b.R665 2013 |
| 082 | 0 | 4 |
_a635.9671 _223 _bROO |
| 245 | 0 | 0 | _aRooftop garden. |
| 260 |
_aBerkeley, CA : _bGingko Press, _c2013. |
||
| 300 |
_a347 p. : _bcol. ill. ; _c30 cm. |
||
| 500 | _aConcept and compilation by HKASP ; graphic design by Meiguang Hou ; copy editing by Danielle Tsao.--Colophon. | ||
| 505 | 0 | _aPublic Leisure. Marina Bay Sands -- 900 North Michigan Avenue -- Washington Mutual Center roof -- Rooftop garden of Hilton Central Pattaya Hotel -- Rooftop workplace of tomorrow -- Morningstar -- The Museum of Modern Art roof garden -- Sydney City rooftop garden -- Rooftop garden inner city -- The Waterhouse at South Bund -- Zense gourmet deck and lounge panorama -- Citywalk 1 & Citywalk 2 -- Olympic sculpture park -- Rooftop garden of Ewha Womans University -- The Gary Comer Youth Center roof garden -- Roof garden for Great Ormond Street Hospital for Children -- Community Ecology. Skyrise garden of the Pinnacle Duxton -- The rooftop garden of QDJCZ residence -- East coast -- Prive' by Sansiri -- Rooftop garden of Ling Xian residence -- Do Ho Suh fallen star -- Rooftop garden of Mucha Four Seasons -- Penthouses and rooftop terrace -- Private Rooftop. Small modernist garden -- Seaside rooftop garden -- Carnegie Hill House -- OR_Roof Terrace -- Chelsea roof garden -- Unfolding terrace -- Greenwich penthouse -- Manhattan roof terrace -- 684 Broadway -- Rooftop terrace and kitchen garden -- Ecological Green. Giant interactive group campus -- Green facelift for Sha Tin sewage treatment works -- Roof garden Hotel St Regis -- New Otani Hotel roof gardens -- Rooftop Garden of Das Kurhaus. | |
| 520 | _a'Rooftop Garden' is the first comprehensive look at green rooftops around the world. Rooftop spaces are a unique and exciting opportunity to enhance urban living. The large-scale projects in 'Rooftop Garden' span the globe and have a variety of aesthetic and utilitarian functions. Design considerations include the weight of materials, site dimensions, climate, seasonality of foliage, irrigation systems, insulation, day and night lighting conditions, and the spectrum of changing colors during the seasons. Elevated green roofs provide better air quality and allow for amazing panoramic views of the city. -- | ||
| 650 | 0 |
_aRoof gardening _vPictorial works. _9121115 |
|
| 650 | 7 |
_aRoof gardening. _2fast _932211 |
|
| 650 | 7 |
_aDachgarten. _2gnd _9121116 |
|
| 655 | 7 |
_aPictorial works. _2fast _981105 |
|
| 700 | 1 |
_aHou, Meiguang. _9121117 |
|
| 700 | 1 |
_aTsao, Danielle. _9121118 |
|
| 710 | 2 |
_aHong Kong Architecture Science Press. _9121119 |
|
| 906 |
_a7 _bcbc _ccopycat _d2 _encip _f20 _gy-gencatlg |
||
| 942 |
_2ddc _cREF |
||
| 999 |
_c608032 _d608032 |
||